Widok standardowy
Widok MARC
Pozycja Personal Name
Liczba rekordów, w których użyto hasła: 1
001 - Numer kontrolny
- control field: 40852
003 - Identyfikator numeru kontrolnego
- control field: NUKAT
005 - Data i czas ostatniej modyfikacji
- control field: 20260429112253.0
008 - Dane kontrolne kodowane (40 znaków)
- fixed length control field: 000615n||a|znnaabn |a aaa |c
010 ## - Numer kontrolny Biblioteki Kongresu
- numer kontrolny LC: n 00025114
024 7# - OTHER STANDARD IDENTIFIER
- Standard number or code: 98156010066549582500
- Source of number or code: viaf
040 ## - Instytucja sporządzająca rekord
- inst. przygot. dane do rek. khw: WR U/jlk
- język haseł przedmiotowych/tezaurus: kaba
- inst. wprow. rek. khw: WR U/jlk
100 1# - Hasło - nazwa osobowa
- nazwa osobowa w formie ujednoliconej: Bentkowski, Przemysław.
670 ## - Źródło informacji
- źródło informacji: Kp. Autoportrety / Karl Jaspers. - Warszawa, 2000.
- gdzie znaleziono informację: Tł. z niem.
670 ## - Źródło informacji
- źródło informacji: PB' 1982/2000
670 ## - Źródło informacji
- źródło informacji: INP'1997/1998